Celostátní soutěž Obal roku 1978 udělené ceny

Salvato in:
Dettagli Bibliografici
Natura: Libro
Lingua:ceco
Pubblicazione: Praha Federální ministerstvo pro techn. a investiční rozvoj 1980
Tags: Aggiungi Tag
Nessun Tag, puoi essere il primo ad aggiungerne!!

MARC

LEADER 00000nam a2200000 4500
001 c139613
005 20041019155316.5
041 0 |a cze 
044 |a CZ 
245 1 0 |a Celostátní soutěž Obal roku 1978  |b udělené ceny 
264 1 |a Praha  |b Federální ministerstvo pro techn. a investiční rozvoj  |c 1980 
300 |a Nestr. l.